Proteomics và chức năng của Proteomics Dành cho sinh viên đại học, học viên cao học
שמור ב:
| מחבר ראשי: | |
|---|---|
| מחברים אחרים: | , |
| פורמט: | ספר |
| יצא לאור: |
Hà Nội
Giáo dục
2014
|
| נושאים: | |
| תגים: |
הוספת תג
אין תגיות, היה/י הראשונ/ה לתייג את הרשומה!
|
| Thư viện lưu trữ: | Trung tâm Học liệu Lê Vũ Hùng, Trường Đại học Đồng Tháp |
|---|
| LEADER | 00943pam a22002778a 4500 | ||
|---|---|---|---|
| 001 | 00041542 | ||
| 005 | 20180523140516.0 | ||
| 008 | 110508s2001 ||||||Viesd | ||
| 020 | # | # | |c 55000 |
| 041 | 0 | # | |a Vie |
| 082 | 1 | 4 | |a 572.8 |b PR435V |
| 100 | 1 | # | |a Nguyễn, Thị Lang |
| 245 | 0 | 0 | |a Proteomics và chức năng của Proteomics |c Nguyễn Thị Lang, Bùi Chí Bửu, Bùi Chí Bảo |b Dành cho sinh viên đại học, học viên cao học |
| 260 | # | # | |a Hà Nội |b Giáo dục |c 2014 |
| 300 | # | # | |a 183 tr. |c 24 cm. |
| 653 | # | # | |a Chức năng |
| 653 | # | # | |a Di truyền |
| 653 | # | # | |a Sinh học |
| 653 | # | # | |a Proteomics |
| 653 | # | # | |a Phân tích |
| 653 | # | # | |a Nghiên cứu |
| 700 | 1 | # | |a Bùi, Chí Bửu |
| 700 | 1 | # | |a Bùi, Chí Bảo |
| 852 | # | # | |j KD.0023305 |j KM.0024595 |j KM.0024594 |
| 910 | |d 23/05/2018 | ||
| 980 | # | # | |a Trung tâm Học liệu Lê Vũ Hùng, Trường Đại học Đồng Tháp |